000 00894nam a2200217 i 4500
001 17779
003 ES-MaACL
005 20230906151653.0
007 t|
008 010524s1968 fr ||||1| fre d
080 _a327.323.1:061.3(44)"1964"
245 0 3 _aLa Première Internationale
_b: l'institution, l'implantation, le rayonnement : Paris, 16-18 novembre 1964.
260 _aParis :
_bCentre National de la Recherche Scientifique,
_c1968.
300 _a495 p. :
_bil. ;
_c24 cm.
500 _aPrecede al tit.: Colloques Internationaux du Centre National de la Recherche Scientifique. Sciences humaines.
500 _aBiblioteca Juan Andrade.
610 2 _aAsociación Internacional de los Trabajadores (1864-1876)
_9171768
711 2 _aColloque International sur la Première International (
_d1964.
_cParis)
_9197639
852 _aES-MaACL
_jAND-32
_bR.109362
999 _c17779
_d17779